| 000 | 00000nas 2200000zi 4500 |
| 001 | 9.502641 |
| 003 | CaOODSP |
| 005 | 20250717132837 |
| 006 | m o d f |
| 007 | cr ||||||||||| |
| 008 | 150406c20099999oncar p o f0 b0fre|d |
| 022 | |a2292-1788 |
| 040 | |aCaOODSP|bfre|erda|cCaOODSP |
| 043 | |an-cn--- |
| 086 | 1 |aBT1-17F-PDF |
| 110 | 2 |aCommunauté nationale des gestionnaires (Canada)|eauteur, |eorganisme de publication. |
| 245 | 10|aCommunauté nationale des gestionnaires rapport annuel. |
| 246 | 13|aRapport annuel de la Communauté nationale des gestionnaires au Greffier du Conseil privé et aux principaux intervenants |
| 246 | 13|aRapport annuel au greffier et aux principaux intervenants |
| 246 | 13|aRapport annuel |
| 246 | 13|aRapport annuel ... de la Communauté nationale des gestionnaires au greffier du Conseil privé et aux principaux intervenants |
| 246 | 13|aRapport annuel de la CNG ... au greffier du Conseil privé et aux principaux intervenants |
| 264 | 1|a[Ottawa] : |bGouvernement du Canada = Government of Canada, |c2009- |
| 310 | |aAnnuel |
| 336 | |atexte|btxt|2rdacontent/fre |
| 337 | |ainformatique|bc|2rdamedia/fre |
| 338 | |aressource en ligne|bcr|2rdacarrier/fre |
| 362 | 1 |aParaît depuis 2008/2009. |
| 500 | |aPubl. aussi en anglais sous le titre : National Managers' Community annual report. |
| 588 | |aDescription d'après : 2008/2009. |
| 588 | |aDernière livraison consultée : 2020. |
| 610 | 26|aCommunauté nationale des gestionnaires (Canada)|vPériodiques. |
| 650 | 6|aHauts fonctionnaires|zCanada|vPériodiques. |
| 655 | 7|aPériodiques|2rvmgf |
| 775 | 08|tNational Managers' Community annual report.|w(CaOODSP)9.506244 |